Computer Networking: (Record no. 589142)
[ view plain ]
| 000 -LEADER | |
|---|---|
| fixed length control field | 00448nam a22001457a 4500 |
| 020 ## - INTERNATIONAL STANDARD BOOK NUMBER | |
| International Standard Book Number | 9788177588781 |
| 082 ## - DEWEY DECIMAL CLASSIFICATION NUMBER | |
| Classification number | 004.6 |
| Author Mark | KUR |
| 100 ## - MAIN ENTRY--PERSONAL NAME | |
| Personal name | Kurose, James F. & Ross, Keith W. |
| 245 ## - TITLE STATEMENT | |
| Title | Computer Networking: |
| Remainder of title | a top down approach featuring the internet / |
| Statement of responsibility, etc. | James F. Kurose & Keith W. Ross |
| 250 ## - EDITION STATEMENT | |
| Edition statement | 3rd edition. |
| 260 ## - PUBLICATION, DISTRIBUTION, ETC. | |
| Place of publication, distribution, etc. | New Delhi : |
| Name of publisher, distributor, etc. | Pearson Education, |
| Date of publication, distribution, etc. | 2009. |
| 300 ## - PHYSICAL DESCRIPTION | |
| Extent | 813p. ; |
| Dimensions | 24 cm. |
| 563 ## - BINDING INFORMATION | |
| Binding note | PBK. |
| 942 ## - ADDED ENTRY ELEMENTS (KOHA) | |
| Source of classification or shelving scheme | |
| Koha item type | Book |
| Withdrawn status | Lost status | Source of classification or shelving scheme | Materials specified (bound volume or other part) | Damaged status | Not for loan | Permanent Location | Current Location | Shelving location | Date acquired | Source of acquisition | Total Checkouts | Full call number | Barcode | Date last seen | Date last checked out | Price effective from | Koha item type | Public note |
|---|---|---|---|---|---|---|---|---|---|---|---|---|---|---|---|---|---|---|
| CSS Corner Book | Central Library (CL) | Central Library (CL) | Central Superior Services | 04/13/2022 | Donation | 1 | 004.6 KUR | CL-D-1666 | 01/31/2023 | 09/15/2022 | 04/13/2022 | CSS Corner | CSS Corner Book |
